COST MANAGEMENT FOR PROFITABLE FOOD AND BEVERAGE OPERATION (Record no. 243576)

MARC details
000 -LEADER
fixed length control field 00368pam a2200145 a 4500
020 ## - INTERNATIONAL STANDARD BOOK NUMBER
Terms of availability
041 ## - LANGUAGE CODE
Language code of original
100 ## - MAIN ENTRY--PERSONAL NAME
Personal name MORRISON P
Relator term Author
245 ## - TITLE STATEMENT
Title COST MANAGEMENT FOR PROFITABLE FOOD AND BEVERAGE OPERATION
Statement of responsibility, etc. MORRISON P
Medium Textual Documents
260 ## - PUBLICATION, DISTRIBUTION, ETC.
Place of publication, distribution, etc. Australia
Name of publisher, distributor, etc. HOSPITALITY Press
300 ## - PHYSICAL DESCRIPTION
Extent 254
653 ## - INDEX TERM--UNCONTROLLED
Uncontrolled term AcCOUNT
700 ## - ADDED ENTRY--PERSONAL NAME
Relator term Co-Author
930 ## - EQUIVALENCE OR CROSS-REFERENCE-UNIFORM TITLE HEADING [LOCAL, CANADA]
Uniform title 962

No items available.